[Event "CAN-ch"]
[Site "Baie-Comeau CAN"]
[Date "1987.06.24"]
[Round "3"]
[White "Jauregui, Carlos"]
[Black "Hergott, Deen"]
[Result "1/2-1/2"]
[WhiteElo "2274"]
[BlackElo "2451"]
[PlyCount "80"]
[EventDate "1987.06.22"]
[EventType "tourn"]
[EventRounds "9"]
[EventCountry "CAN"]

1. d4 g6 2. c4 Bg7 3. Nc3 c5 4. d5 d6 5. g3 Nf6 6. Nh3 O-O 7. Nf4 a6 8. Bg2 b5
9. cxb5 axb5 10. Nxb5 g5 11. Nh3 Bxh3 12. Bxh3 Qa5+ 13. Nc3 Ne4 14. O-O Nxc3
15. bxc3 Qxc3 16. Rb1 Rxa2 17. Bxg5 Qe5 18. Bf4 Qxe2 19. Qb3 Bd4 20. Bg4 Qc2
21. Qf3 Qc3 22. Qe4 Qc2 23. Qf3 Na6 24. Bh6 Nb4 25. Bxf8 Kxf8 26. Be6 Qg6 27.
Bf5 Qf6 28. Qg4 h5 29. Qxh5 e6 30. dxe6 fxe6 31. Be4 d5 32. Bg2 Qf7 33. Qh4 Qf6
34. Qh7 Qg7 35. Qh5 Qf7 36. Qg5 Qf6 37. Qh5 Qf7 38. Qh4 Qf6 39. Qh5 Qf7 40. Qh4
Qf6 1/2-1/2

[Event "CAN-ch"]
[Site "Baie-Comeau CAN"]
[Date "1987.06.25"]
[Round "4"]
[White "Hergott, Deen"]
[Black "Huda, Rehan"]
[Result "1-0"]
[WhiteElo "2451"]
[BlackElo "2303"]
[PlyCount "87"]
[EventDate "1987.06.22"]
[EventType "tourn"]
[EventRounds "9"]
[EventCountry "CAN"]

1. g3 c5 2. Bg2 g6 3. e4 Bg7 4. c3 Nc6 5. Ne2 e5 6. Na3 Nge7 7. d4 cxd4 8. Nb5
d6 9. cxd4 Qa5+ 10. Nec3 exd4 11. b4 Nxb4 12. O-O O-O 13. Nxd4 Qc5 14. Nce2
Nbc6 15. Be3 Qa5 16. Qb3 Nxd4 17. Bxd4 Nc6 18. Bxg7 Kxg7 19. Rfd1 Qe5 20. Rac1
Qe7 21. Nf4 Be6 22. Qa3 Rfd8 23. Nd5 Bxd5 24. Rxd5 Rac8 25. f4 b6 26. Rc4 Qf6
27. Bh3 Rc7 28. Qc1 Nd4 29. Bf1 Rxc4 30. Qxc4 Ne6 31. Qc6 Qe7 32. f5 Ng5 33.
Bg2 Nxe4 34. Bxe4 Qxe4 35. f6+ Kg8 36. Rxd6 Qb1+ 37. Kg2 Qxa2+ 38. Kh3 Rf8 39.
Qc7 Qb1 40. Qe7 Qf1+ 41. Kh4 Qc4+ 42. Kh3 Qf1+ 43. Kh4 Qf5 44. Qxf8+ 1-0

[Event "CAN-ch"]
[Site "Baie-Comeau CAN"]
[Date "1987.06.27"]
[Round "5"]
[White "Hartman, Brian"]
[Black "Hergott, Deen"]
[Result "1/2-1/2"]
[WhiteElo "2464"]
[BlackElo "2451"]
[PlyCount "81"]
[EventDate "1987.06.22"]
[EventType "tourn"]
[EventRounds "9"]
[EventCountry "CAN"]

1. e4 g6 2. d4 d6 3. Nf3 Bg7 4. Be2 Nf6 5. Nc3 O-O 6. O-O Bg4 7. Bg5 Nbd7 8. h3
Bxf3 9. Bxf3 c5 10. Be3 Qc7 11. a4 a6 12. Qd2 cxd4 13. Bxd4 Rac8 14. Ra3 Qa5
15. Rd1 Rfe8 16. Rb3 Rc7 17. Qe3 h5 18. Re1 Rc4 19. Rxb7 Ng4 20. hxg4 Bxd4 21.
Qe2 Ne5 22. b4 Nxf3+ 23. gxf3 Qe5 24. Nd1 Qg3+ 25. Kf1 Qh3+ 26. Kg1 Rec8 27.
Ne3 Bxe3 28. Qxe3 Rc3 29. Rb8 Rxb8 30. Qxc3 hxg4 31. Re3 g3 32. fxg3 Qxg3+ 33.
Kf1 Qh3+ 34. Kg1 Rc8 35. Qd3 Qg3+ 36. Kf1 Qh2 37. Re2 Qh1+ 38. Kf2 Qh2+ 39. Kf1
Qh1+ 40. Kf2 Qh2+ 41. Kf1 1/2-1/2

[Event "CAN-ch"]
[Site "Baie-Comeau CAN"]
[Date "1987.06.28"]
[Round "6"]
[White "Gentes, Kevin"]
[Black "Hergott, Deen"]
[Result "1-0"]
[WhiteElo "2202"]
[BlackElo "2451"]
[PlyCount "101"]
[EventDate "1987.06.22"]
[EventType "tourn"]
[EventRounds "9"]
[EventCountry "CAN"]

1. d4 g6 2. c4 Bg7 3. Nc3 d6 4. e4 Nc6 5. Be3 Nf6 6. f3 O-O 7. Nge2 a6 8. Qd2
Rb8 9. a3 b5 10. cxb5 axb5 11. b4 Bd7 12. d5 Ne5 13. Nd4 e6 14. Be2 c6 15. dxc6
Bxc6 16. O-O Qd7 17. Nxc6 Qxc6 18. Rfc1 Qd7 19. Qa2 d5 20. Bc5 Rfc8 21. f4 Nc4
22. e5 Ne8 23. a4 f6 24. exf6 Bxf6 25. axb5 Qg7 26. Bxc4 Bxc3 27. Bxd5 Rxc5 28.
Bxe6+ Kh8 29. bxc5 Nc7 30. Qa7 Qd4+ 31. Kh1 Re8 32. Qxc7 Bxa1 33. Qe5+ Qxe5 34.
fxe5 Bb2 35. Rc2 Bd4 36. c6 Bxe5 37. Bd7 Ra8 38. g3 Bc7 39. Kg2 Kg7 40. Kf3 Rb8
41. Rb2 Kf6 42. Ke4 Ke7 43. Kd5 Kd8 44. Kc4 Bb6 45. Re2 h5 46. Be8 Ra8 47. Bxg6
Ra4+ 48. Kb3 Rg4 49. Re8+ Kc7 50. Bxh5 Rg5 51. Be2 1-0

[Event "CAN-ch"]
[Site "Baie-Comeau CAN"]
[Date "1987.06.30"]
[Round "8"]
[White "Barbeau, Sylvain"]
[Black "Hergott, Deen"]
[Result "0-1"]
[WhiteElo "2311"]
[BlackElo "2451"]
[PlyCount "46"]
[EventDate "1987.06.22"]
[EventType "tourn"]
[EventRounds "9"]
[EventCountry "CAN"]

1. d4 c5 2. d5 Nf6 3. c4 d6 4. Nc3 g6 5. e4 Bg7 6. Be2 O-O 7. f4 e6 8. Nf3 exd5
9. e5 dxe5 10. fxe5 Ng4 11. Bg5 Qa5 12. cxd5 Nxe5 13. O-O c4 14. Nxe5 Bxe5 15.
Kh1 b5 16. d6 Bb7 17. Be7 Nd7 18. Bg4 b4 19. Bxd7 bxc3 20. bxc3 Rad8 21. Bxf8
Rxd7 22. Be7 Qxc3 23. Rb1 Qh3 0-1

[Event "CAN-ch"]
[Site "Baie-Comeau CAN"]
[Date "1987.07.02"]
[Round "9"]
[White "Hergott, Deen"]
[Black "Glen, Graham"]
[Result "1-0"]
[WhiteElo "2451"]
[BlackElo "2205"]
[PlyCount "57"]
[EventDate "1987.06.22"]
[EventType "tourn"]
[EventRounds "9"]
[EventCountry "CAN"]

1. d4 Nf6 2. c4 e6 3. Nf3 Bb4+ 4. Nc3 c5 5. g3 O-O 6. Bg2 d6 7. O-O Nc6 8. Bg5
h6 9. Bh4 cxd4 10. Ne4 e5 11. Nxf6+ gxf6 12. Nd2 Bxd2 13. Qxd2 Kg7 14. f4 Qa5
15. Qd3 f5 16. Bxc6 bxc6 17. Be7 Qc7 18. Bxf8+ Kxf8 19. c5 dxc5 20. Qa3 Qe7 21.
Rac1 Rb8 22. Rxc5 e4 23. Rd1 d3 24. exd3 exd3 25. Rxc6 Qxa3 26. bxa3 Bb7 27.
Rxh6 Kg7 28. Rd6 Be4 29. Rd2 1-0

[Event "Toronto op"]
[Site "Toronto CAN"]
[Date "1987.04.17"]
[Round "2"]
[White "Meskanen, Vesa"]
[Black "Hergott, Deen"]
[Result "0-1"]
[WhiteElo "2194"]
[BlackElo "2453"]
[PlyCount "26"]
[EventDate "1987.04.17"]
[EventType "swiss"]
[EventRounds "6"]
[EventCountry "CAN"]

1. d4 g6 2. e4 Bg7 3. Nf3 d6 4. Nc3 a6 5. Bc4 b5 6. Bb3 Bb7 7. Qe2 c5 8. dxc5
dxc5 9. Nxb5 Qa5+ 10. Nc3 Bxc3+ 11. Kf1 Bg7 12. Qc4 Qb5 13. Ba4 Bc6 0-1

[Event "Toronto Closed"]
[Site "Toronto CAN"]
[Date "1987.??.??"]
[Round "?"]
[White "Hergott, Deen"]
[Black "Puri, Vinny"]
[Result "1-0"]
[WhiteElo "2448"]
[BlackElo "2352"]
[PlyCount "69"]
[EventDate "1987.02.08"]
[EventType "tourn"]
[EventRounds "11"]
[EventCountry "CAN"]

1. d4 Nf6 2. c4 g6 3. Nc3 Bg7 4. e4 d6 5. Nf3 O-O 6. Be2 e5 7. O-O Nc6 8. d5
Ne7 9. b4 Nh5 10. g3 f5 11. Ng5 Nf6 12. f3 c6 13. Be3 f4 14. Bf2 fxg3 15. hxg3
Ne8 16. c5 h6 17. cxd6 Qxd6 18. Ne6 Bxe6 19. Bc5 Qd7 20. dxe6 Qxe6 21. Qb3 Qxb3
22. axb3 Bf6 23. Rfd1 b5 24. Rd7 Rf7 25. Ra6 Ng7 26. Nxb5 cxb5 27. Bxb5 Ne8 28.
Bc4 Kg7 29. Bxf7 Kxf7 30. b5 Ng7 31. Bxe7 Bxe7 32. b6 Ne6 33. Raxa7 Re8 34.
Rxe7+ Rxe7 35. Rxe7+ 1-0

[Event "Toronto Closed"]
[Site "Toronto CAN"]
[Date "1987.??.??"]
[Round "?"]
[White "Taylor, Gordon"]
[Black "Hergott, Deen"]
[Result "0-1"]
[WhiteElo "2288"]
[BlackElo "2448"]
[PlyCount "80"]
[EventDate "1987.02.08"]
[EventType "tourn"]
[EventRounds "11"]
[EventCountry "CAN"]

1. d4 d5 2. c4 e6 3. Nc3 c6 4. Nf3 dxc4 5. a4 Bb4 6. e3 b5 7. Bd2 a5 8. axb5
Bxc3 9. Bxc3 cxb5 10. b3 Bb7 11. d5 Nf6 12. bxc4 b4 13. Qa4+ Nbd7 14. Bxf6 Qxf6
15. Nd4 e5 16. Nb3 Ke7 17. Qb5 Ba6 18. Qxa5 Rhb8 19. d6+ Ke8 20. Qd5 Bb7 21.
Qd2 Rxa1+ 22. Nxa1 Bc6 23. Nb3 Ba4 24. Qa2 Bxb3 25. Qxb3 Nc5 26. Qb1 e4 27. d7+
Kd8 28. f3 exf3 29. Qxh7 f2+ 30. Ke2 Kxd7 31. g3 g6 32. Qh6 Rh8 33. Qf4 Qxf4
34. gxf4 Ra8 35. Kxf2 b3 36. Bh3+ f5 37. Rd1+ Ke7 38. Kg3 Ne4+ 39. Kg2 Ra2+ 40.
Kg1 b2 0-1

[Event "Lloyds Bank op"]
[Site "London ENG"]
[Date "1987.??.??"]
[Round "6"]
[White "Brenninkmeijer, Joris"]
[Black "Hergott, Deen"]
[Result "0-1"]
[WhiteElo "2345"]
[BlackElo "2305"]
[PlyCount "60"]
[EventDate "1987.??.??"]
[EventType "swiss"]
[EventCountry "ENG"]

1. d4 g6 2. c4 Bg7 3. Nc3 c5 4. d5 Bxc3+ 5. bxc3 f5 6. g4 fxg4 7. e4 Qa5 8. Bd2
d6 9. h3 gxh3 10. f4 Nf6 11. e5 Ne4 12. Bxh3 Nd7 13. e6 Ndf6 14. Bg2 Nxd2 15.
Qxd2 Qa4 16. Qd3 b5 17. cxb5 a6 18. Ne2 axb5 19. Qxg6+ Kd8 20. Qd3 Rg8 21. Bf3
Bb7 22. Rh6 Qc4 23. Qf5 Rg1+ 24. Nxg1 Qxc3+ 25. Kf2 Qd4+ 26. Kg2 Qxa1 27. Ne2
Rxa2 28. Qg5 Bxd5 29. Bxd5 Rxe2+ 30. Kh3 Qc3+ 0-1

[Event "Lloyds Bank op"]
[Site "London ENG"]
[Date "1987.??.??"]
[Round "7"]
[White "Flear, Glenn"]
[Black "Hergott, Deen"]
[Result "1/2-1/2"]
[WhiteElo "2480"]
[BlackElo "2305"]
[PlyCount "103"]
[EventDate "1987.??.??"]
[EventType "swiss"]
[EventCountry "ENG"]

1. d4 Nf6 2. c4 e6 3. Nf3 Bb4+ 4. Bd2 Qe7 5. g3 Nc6 6. Bg2 Bxd2+ 7. Nbxd2 d6 8.
O-O a5 9. e4 e5 10. d5 Nb8 11. c5 O-O 12. cxd6 cxd6 13. Qe2 Bd7 14. Rfc1 Na6
15. Nc4 Bb5 16. Nfd2 Rfc8 17. Qe3 Bxc4 18. Nxc4 Rc5 19. Nb6 Rb8 20. Na4 Rxc1+
21. Rxc1 b5 22. Bf1 bxa4 23. Bxa6 h6 24. Rc2 Rb4 25. f3 Kh7 26. Kg2 Qd8 27. Be2
Qb6 28. Qxb6 Rxb6 29. Kf1 Nd7 30. Rc6 Kg8 31. Rxb6 Nxb6 32. Bb5 Kf8 33. Kf2 Ke7
34. Ke3 f5 35. exf5 Nxd5+ 36. Ke4 Nb6 37. f4 exf4 38. Kxf4 a3 39. bxa3 Nd5+ 40.
Kf3 Kf6 41. Bc4 Ke5 42. Bxd5 Kxd5 43. g4 Ke5 44. a4 h5 45. h3 d5 46. Ke3 hxg4
47. hxg4 d4+ 48. Kd3 Kf4 49. Kxd4 Kxg4 50. Ke4 Kg5 51. Ke5 Kg4 52. Ke4 1/2-1/2

[Event "Lloyds Bank op"]
[Site "London ENG"]
[Date "1987.??.??"]
[Round "8"]
[White "Hergott, Deen"]
[Black "Anand, Viswanathan"]
[Result "1/2-1/2"]
[WhiteElo "2305"]
[BlackElo "2505"]
[PlyCount "51"]
[EventDate "1987.??.??"]
[EventType "swiss"]
[EventCountry "ENG"]

1. d4 Nf6 2. Nf3 g6 3. c4 Bg7 4. Nc3 O-O 5. e4 d6 6. h3 e5 7. d5 Na6 8. Be3 Nc5
9. Nd2 a5 10. g4 Bd7 11. Be2 Ne8 12. h4 f5 13. exf5 gxf5 14. gxf5 Bxf5 15. Bxc5
dxc5 16. Nde4 Nd6 17. Bd3 Qe7 18. Qe2 Bh6 19. Kd1 Qg7 20. f3 Bxe4 21. Bxe4 Bf4
22. Kc2 Qh6 23. Rag1+ Kh8 24. Rg4 Be3 25. Rh2 Bd4 26. Nb5 1/2-1/2

[Event "Lloyds Bank op"]
[Site "London ENG"]
[Date "1987.??.??"]
[Round "9"]
[White "Plaskett, Jim"]
[Black "Hergott, Deen"]
[Result "1/2-1/2"]
[WhiteElo "2475"]
[BlackElo "2305"]
[PlyCount "55"]
[EventDate "1987.??.??"]
[EventType "swiss"]
[EventCountry "ENG"]

1. d4 e6 2. c4 Nf6 3. Nc3 Bb4 4. e3 b6 5. f3 c5 6. d5 Bxc3+ 7. bxc3 d6 8. Bd3
O-O 9. Ne2 Nbd7 10. Ng3 Ne5 11. Be2 b5 12. dxe6 bxc4 13. f4 Nd3+ 14. Bxd3 cxd3
15. exf7+ Rxf7 16. Qxd3 Qa5 17. Bd2 Ba6 18. Qxd6 Re8 19. c4 Qa3 20. O-O Rd7 21.
Bc1 Qxc1 22. Qxa6 Qxe3+ 23. Kh1 Ng4 24. Rf3 Nf2+ 25. Kg1 Nh3+ 26. Kh1 Nf2+ 27.
Kg1 Nh3+ 28. Kh1 1/2-1/2

[Event "Lloyds Bank op"]
[Site "London ENG"]
[Date "1987.??.??"]
[Round "10"]
[White "Hergott, Deen"]
[Black "Keitlinghaus, Ludger"]
[Result "0-1"]
[WhiteElo "2305"]
[BlackElo "2400"]
[PlyCount "90"]
[EventDate "1987.??.??"]
[EventType "swiss"]
[EventCountry "ENG"]

1. d4 Nf6 2. Nf3 g6 3. c4 d6 4. Nc3 Nbd7 5. Bg5 Bg7 6. e3 h6 7. Bh4 g5 8. Bg3
Nh5 9. Bd3 e6 10. Ne4 Ndf6 11. Nfd2 Nxg3 12. Nxg3 Qe7 13. h4 Bd7 14. Qb3 b6 15.
hxg5 hxg5 16. Rxh8+ Bxh8 17. O-O-O O-O-O 18. c5 dxc5 19. Qa3 Kb8 20. Nf3 Ng4
21. Rd2 f5 22. dxc5 Bc6 23. cxb6 Qxa3 24. bxc7+ Kxc7 25. bxa3 Nxf2 26. Bc4 Rxd2
27. Kxd2 f4 28. Ne2 Ne4+ 29. Ke1 e5 30. Nxg5 Nxg5 31. exf4 exf4 32. Nxf4 Be5
33. Nh3 Nxh3 34. gxh3 Bd7 35. h4 Bg3+ 36. Kd2 Bxh4 37. Kc2 Kb6 38. Bd3 Bf6 39.
Be2 Be6 40. Kb1 Bf5+ 41. Kc1 Kc5 42. Ba6 Bc3 43. Bf1 Kd4 44. Bb5 Ba1 45. Kd2
Bb1 0-1

[Event "Ostend op"]
[Site "Ostend BEL"]
[Date "1987.??.??"]
[Round "6"]
[White "Hergott, Deen"]
[Black "Winants, Luc"]
[Result "1/2-1/2"]
[WhiteElo "2305"]
[BlackElo "2440"]
[PlyCount "80"]
[EventDate "1987.??.??"]
[EventType "swiss"]
[EventRounds "9"]
[EventCountry "BEL"]

1. d4 Nf6 2. Nf3 e6 3. g3 c5 4. Bg2 cxd4 5. Nxd4 Qc7 6. O-O a6 7. Bg5 Be7 8. c4
h6 9. Bxf6 Bxf6 10. Nc3 O-O 11. Rc1 d6 12. Qd3 Nd7 13. Rfd1 Ne5 14. Qb1 Rb8 15.
h3 Bd7 16. b3 Rfd8 17. Kh2 Rbc8 18. f4 Nc6 19. Nxc6 bxc6 20. Qd3 Be8 21. Ne4
Be7 22. Qf3 Qa5 23. Qc3 Qc7 24. Nf2 c5 25. Qf3 Qa5 26. Rc2 Bc6 27. Qh5 Bxg2 28.
Kxg2 Qb6 29. Rcd2 a5 30. e4 a4 31. Rd3 axb3 32. axb3 Ra8 33. f5 Bf6 34. Ng4
Ra2+ 35. R1d2 Rxd2+ 36. Rxd2 Bd4 37. fxe6 fxe6 38. Qg6 Kh8 39. Nxh6 gxh6 40.
Rxd4 cxd4 1/2-1/2

[Event "Ostend op"]
[Site "Ostend BEL"]
[Date "1987.??.??"]
[Round "7"]
[White "Martin, Andreas"]
[Black "Hergott, Deen"]
[Result "1-0"]
[WhiteElo "2375"]
[BlackElo "2305"]
[PlyCount "63"]
[EventDate "1987.??.??"]
[EventType "swiss"]
[EventRounds "9"]
[EventCountry "BEL"]

1. e4 e6 2. d4 d5 3. Nc3 Nf6 4. Bg5 Bb4 5. e5 h6 6. Bd2 Bxc3 7. bxc3 Ne4 8. Qg4
g6 9. Nf3 c5 10. Bd3 Nxd2 11. Kxd2 Qa5 12. h4 Nc6 13. Rhb1 cxd4 14. Nxd4 Nxe5
15. Qf4 Nxd3 16. cxd3 Qd8 17. Nf3 d4 18. Nxd4 O-O 19. Qxh6 e5 20. h5 Qf6 21.
hxg6 fxg6 22. Rh1 Rf7 23. Rae1 Bg4 24. Re4 Bh5 25. Nf3 Qb6 26. Rxe5 Qb2+ 27.
Ke3 Qb6+ 28. Nd4 Qb2 29. f4 Rh7 30. Qg5 Qxc3 31. Rxh5 Qe1+ 32. Ne2 1-0

[Event "Spring op"]
[Site "Kitchener CAN"]
[Date "1987.??.??"]
[Round "4"]
[White "Loadman, Ian"]
[Black "Hergott, Deen"]
[Result "0-1"]
[WhiteElo "2224"]
[BlackElo "2453"]
[PlyCount "26"]
[EventDate "1987.??.??"]
[EventType "swiss"]
[EventRounds "5"]
[EventCountry "CAN"]

1. Nf3 c5 2. e4 Nc6 3. c3 e6 4. d4 d5 5. exd5 Qxd5 6. Be2 Nf6 7. O-O Be7 8. Be3
O-O 9. c4 Qd6 10. Nc3 Ng4 11. Ne4 Qb8 12. Nxc5 e5 13. Nd3 Nxe3 0-1

[Event "Spring op"]
[Site "Kitchener CAN"]
[Date "1987.??.??"]
[Round "5"]
[White "Patterson, Roger"]
[Black "Hergott, Deen"]
[Result "0-1"]
[WhiteElo "2275"]
[BlackElo "2453"]
[PlyCount "22"]
[EventDate "1987.??.??"]
[EventType "swiss"]
[EventRounds "5"]
[EventCountry "CAN"]

1. e4 c5 2. Nf3 Nc6 3. d4 cxd4 4. Nxd4 g6 5. Nc3 Bg7 6. Be3 Nf6 7. Bc4 O-O 8.
f3 a5 9. a4 d5 10. Nxd5 Nxd5 11. Bxd5 Nxd4 0-1

[Event "Smiths Falls op"]
[Site "Smiths Falls CAN"]
[Date "1986.??.??"]
[Round "?"]
[White "Hergott, Deen"]
[Black "Hartman, Brian"]
[Result "1/2-1/2"]
[WhiteElo "2437"]
[BlackElo "2463"]
[PlyCount "78"]
[EventDate "1986.09.13"]
[EventType "swiss"]
[EventRounds "5"]
[EventCountry "CAN"]

1. d4 Nf6 2. c4 c5 3. d5 b5 4. Nf3 g6 5. a4 bxc4 6. Nc3 Bg7 7. e4 d6 8. h3 O-O
9. Bxc4 Ba6 10. Bb5 Bxb5 11. axb5 Nbd7 12. O-O Ne8 13. Qe2 Nc7 14. Bf4 Nb6 15.
Rfd1 Qd7 16. Ra5 Nc8 17. e5 Rb8 18. h4 Rb7 19. g3 Nb6 20. h5 Qd8 21. hxg6 fxg6
22. Ng5 Nc8 23. Kg2 h6 24. exd6 exd6 25. Ne6 Nxe6 26. Qxe6+ Kh7 27. Ra4 Rf5 28.
g4 Rxf4 29. Rxf4 Re7 30. Rf7 Rxe6 31. dxe6 Qg5 32. Re1 Kg8 33. Rc7 Ne7 34. Rxe7
Qxe7 35. Nd5 Qg5 36. e7 Qxd5+ 37. Kg1 Qd4 38. e8=Q+ Kh7 39. Qd7 Qxb2 1/2-1/2

[Event "CAN-ch"]
[Site "Winnipeg CAN"]
[Date "1986.??.??"]
[Round "?"]
[White "Baragar, Fletcher"]
[Black "Hergott, Deen"]
[Result "1-0"]
[WhiteElo "2270"]
[BlackElo "2250"]
[PlyCount "107"]
[EventDate "1986.07.12"]
[EventType "tourn"]
[EventRounds "15"]
[EventCountry "CAN"]

1. d4 g6 2. c4 Bg7 3. Nc3 d6 4. e4 e5 5. dxe5 dxe5 6. Qxd8+ Kxd8 7. f4 Be6 8.
fxe5 Nd7 9. Bg5+ Kc8 10. Nf3 h6 11. Bh4 g5 12. Bg3 Ne7 13. O-O-O Nc6 14. Be2 b6
15. Nd4 Nxd4 16. Rxd4 Bxe5 17. Bxe5 Nxe5 18. Nd5 c6 19. Nf6 Kc7 20. Rhd1 Rad8
21. Rxd8 Rxd8 22. Rxd8 Kxd8 23. b3 Ng6 24. g3 Ne7 25. Bg4 Kc7 26. Bxe6 fxe6 27.
Kd2 Kd6 28. Ng4 h5 29. e5+ Kc7 30. Nf2 Ng6 31. Nd3 c5 32. Ke3 a6 33. Ke4 Ne7
34. Nf2 Nc6 35. Nh3 Nb4 36. Nxg5 Kd7 37. a4 Nc6 38. Nf3 Ke7 39. Kf4 Na5 40. Nd2
Nc6 41. h4 Nd4 42. Kg5 Ne2 43. Kxh5 Nxg3+ 44. Kg6 Nf5 45. h5 Nh4+ 46. Kg5 Nf5
47. h6 Kf7 48. Ne4 Kg8 49. Kg6 Nh4+ 50. Kf6 Nf5 51. Kxe6 Nxh6 52. Kd7 Nf7 53.
e6 Ne5+ 54. Kc7 1-0

[Event "CAN-ch"]
[Site "Winnipeg CAN"]
[Date "1986.??.??"]
[Round "?"]
[White "Hartman, Brian"]
[Black "Hergott, Deen"]
[Result "0-1"]
[WhiteElo "2380"]
[BlackElo "2250"]
[PlyCount "80"]
[EventDate "1986.07.12"]
[EventType "tourn"]
[EventRounds "15"]
[EventCountry "CAN"]

1. e4 c5 2. Nf3 Nc6 3. d4 cxd4 4. Nxd4 Nf6 5. Nc3 e5 6. Ndb5 d6 7. Bg5 a6 8.
Na3 Be6 9. Nc4 Rc8 10. Bd3 Be7 11. Bxf6 Bxf6 12. Ne3 Bg5 13. Ncd5 O-O 14. h4
Bxe3 15. Nxe3 Qb6 16. O-O Qxb2 17. Rb1 Qxa2 18. Nf5 Bxf5 19. exf5 Qa4 20. Qh5
e4 21. Qg4 Qd4 22. Qxe4 b5 23. f6 Qxe4 24. Bxe4 Nd4 25. Bb7 Rxc2 26. Bxa6 Rb8
27. Rb4 Ne2+ 28. Kh2 Nc3 29. Rg4 g6 30. Rb4 Rb6 31. Re1 Kf8 32. Bc8 Nd5 33. Bd7
Nxf6 34. Rxb5 Nxd7 35. Ra5 Rxf2 36. h5 Kg7 37. Ra7 Ne5 38. Kg3 Rf5 39. hxg6
hxg6 40. Rc1 Rb3+ 0-1

[Event "CAN-ch"]
[Site "Winnipeg CAN"]
[Date "1986.??.??"]
[Round "?"]
[White "Hawkes, Rob"]
[Black "Hergott, Deen"]
[Result "1/2-1/2"]
[WhiteElo "2315"]
[BlackElo "2250"]
[PlyCount "102"]
[EventDate "1986.07.12"]
[EventType "tourn"]
[EventRounds "15"]
[EventCountry "CAN"]

1. e4 c5 2. f4 d5 3. exd5 Nf6 4. c4 e6 5. dxe6 Bxe6 6. Nc3 Nc6 7. Nf3 Nb4 8.
Ne5 Nd7 9. Nf3 Nf6 10. a3 Nd3+ 11. Bxd3 Qxd3 12. Ne5 Qd6 13. O-O O-O-O 14. Nb5
Qb8 15. Qe2 a6 16. Nc3 Bd6 17. Na4 Qc7 18. b4 Nd7 19. Bb2 Rhe8 20. Qf2 Nxe5 21.
fxe5 Bxe5 22. Bxe5 Qxe5 23. Nxc5 Qd4 24. d3 f6 25. Nxe6 Rxe6 26. Qxd4 Rxd4 27.
Rf3 Red6 28. c5 R6d5 29. Rd1 a5 30. Rh3 h5 31. Rg3 g5 32. Rf1 axb4 33. axb4
Rxb4 34. c6 bxc6 35. Rxf6 Kc7 36. Re3 Rbd4 37. Re7+ Rd7 38. Ree6 R4d6 39. Rxd6
Rxd6 40. Rxd6 Kxd6 41. Kf2 Kc5 42. Ke3 g4 43. d4+ Kc4 44. h4 gxh3 45. gxh3 h4
46. Ke4 Kc3 47. Ke3 Kc2 48. Ke2 Kb3 49. Kf3 Kc3 50. Ke3 Kc2 51. Ke2 Kc3 1/2-1/2

[Event "CAN-ch"]
[Site "Winnipeg CAN"]
[Date "1986.??.??"]
[Round "?"]
[White "Hergott, Deen"]
[Black "Spraggett, Kevin"]
[Result "0-1"]
[WhiteElo "2250"]
[BlackElo "2525"]
[PlyCount "56"]
[EventDate "1986.07.12"]
[EventType "tourn"]
[EventRounds "15"]
[EventCountry "CAN"]

1. g3 g6 2. Bg2 Bg7 3. Nf3 d6 4. c4 Nf6 5. Nc3 O-O 6. O-O Nc6 7. Rb1 a5 8. d3
h6 9. a3 e5 10. Ne1 Nh7 11. Nd5 Nd4 12. e3 Ne6 13. b4 axb4 14. axb4 h5 15. h4
c6 16. Nc3 Bd7 17. Bb2 f5 18. f4 Nf6 19. Ne2 Ng4 20. Qd2 Ra2 21. Nc3 Rxb2 22.
Rxb2 exf4 23. exf4 Bd4+ 24. Kh1 Be3 25. Qc2 Bxf4 26. Rxf4 Nxf4 27. Qd2 Ne6 28.
Ne2 f4 0-1

[Event "CAN-ch"]
[Site "Winnipeg CAN"]
[Date "1986.??.??"]
[Round "?"]
[White "Hergott, Deen"]
[Black "Yanofsky, Abe"]
[Result "0-1"]
[WhiteElo "2250"]
[BlackElo "2390"]
[PlyCount "40"]
[EventDate "1986.07.12"]
[EventType "tourn"]
[EventRounds "15"]
[EventCountry "CAN"]

1. d4 Nf6 2. c4 g6 3. Nc3 Bg7 4. e4 d6 5. Nf3 O-O 6. h3 e5 7. d5 c6 8. Bg5 cxd5
9. cxd5 Nbd7 10. Nh2 Qb6 11. Rb1 Nc5 12. Qf3 Nfxe4 13. Nxe4 Nxe4 14. Qxe4 Bf5
15. Qh4 Bxb1 16. Bc4 Qb4+ 17. Bd2 Qxb2 18. Ng4 f5 19. Nh6+ Kh8 20. Qe7 Bxa2 0-1

[Event "CAN-ch"]
[Site "Winnipeg CAN"]
[Date "1986.??.??"]
[Round "?"]
[White "Pajak, John"]
[Black "Hergott, Deen"]
[Result "0-1"]
[WhiteElo "2310"]
[BlackElo "2250"]
[PlyCount "104"]
[EventDate "1986.07.12"]
[EventType "tourn"]
[EventRounds "15"]
[EventCountry "CAN"]

1. e4 e6 2. d4 d5 3. e5 c5 4. c3 Nc6 5. Nf3 Bd7 6. g3 Rc8 7. Be2 Qb6 8. O-O
cxd4 9. cxd4 Nge7 10. Na3 Nf5 11. Nc2 h5 12. h3 Nb4 13. Nxb4 Bxb4 14. Kg2 Bb5
15. Be3 Bxe2 16. Qxe2 Qa6 17. Qxa6 bxa6 18. Rfc1 Kd7 19. Kf1 Be7 20. Ke2 f6 21.
Kd3 Rxc1 22. Rxc1 Rb8 23. Rc2 Bd8 24. g4 hxg4 25. hxg4 Ne7 26. Bd2 Nc6 27. Bc3
Bc7 28. Rc1 fxe5 29. Nxe5+ Bxe5 30. dxe5 Rf8 31. Ke2 Rf4 32. f3 Ra4 33. a3 d4
34. Bd2 Nxe5 35. Bb4 a5 36. Bf8 d3+ 37. Ke3 g5 38. b3 Rf4 39. Bg7 Nxf3 40. Kxd3
Rxg4 41. Rc5 a4 42. b4 Rg3 43. Ra5 Ne5+ 44. Ke2 Nc6 45. Rxa4 Rb3 46. Bh6 Kc7
47. Bxg5 Kb6 48. b5 Kxb5 49. Re4 Rxa3 50. Kf2 e5 51. Bf6 Ra4 52. Re1 Rf4+ 0-1

[Event "CAN-ch"]
[Site "Winnipeg CAN"]
[Date "1986.??.??"]
[Round "?"]
[White "Schleifer, Michael"]
[Black "Hergott, Deen"]
[Result "1/2-1/2"]
[WhiteElo "2210"]
[BlackElo "2250"]
[PlyCount "81"]
[EventDate "1986.07.12"]
[EventType "tourn"]
[EventRounds "15"]
[EventCountry "CAN"]

1. e4 c5 2. Nf3 Nc6 3. d4 cxd4 4. Nxd4 g6 5. c4 Bg7 6. Be3 Nf6 7. Nc3 O-O 8.
Be2 d6 9. O-O Re8 10. Rc1 Nxd4 11. Bxd4 Bh6 12. f4 Bd7 13. Kh1 e5 14. Be3 Bc6
15. Bd3 Nh5 16. Ne2 Bxe4 17. Bxe4 exf4 18. Nxf4 Bxf4 19. Bxf4 Rxe4 20. Bxd6 Qd7
21. Qd5 Re2 22. Ba3 Rd2 23. Qxd7 Rxd7 24. Bb4 f5 25. Bc3 Re8 26. Rcd1 Rxd1 27.
Rxd1 Re7 28. g3 Kf7 29. Rd2 Nf6 30. Bb4 Re4 31. b3 b5 32. Rc2 Ke6 33. Bc5 bxc4
34. Bxa7 cxb3 35. axb3 Rb4 36. Rc6+ Ke5 37. Rb6 Nd5 38. Rxb4 Nxb4 39. Kg2 Ke4
40. Bc5 Nd5 41. b4 1/2-1/2

[Event "CAN-ch"]
[Site "Winnipeg CAN"]
[Date "1986.??.??"]
[Round "?"]
[White "Stone, Raymond"]
[Black "Hergott, Deen"]
[Result "1/2-1/2"]
[WhiteElo "2305"]
[BlackElo "2250"]
[PlyCount "95"]
[EventDate "1986.07.12"]
[EventType "tourn"]
[EventRounds "15"]
[EventCountry "CAN"]

1. d4 d5 2. c4 e6 3. Nc3 c6 4. Nf3 dxc4 5. e3 b5 6. a4 Bb4 7. Bd2 a5 8. axb5
Bxc3 9. Bxc3 cxb5 10. b3 Bb7 11. bxc4 b4 12. Bb2 Nf6 13. Bd3 Be4 14. Qa4+ Qd7
15. Bxe4 Nxe4 16. Ne5 Qxa4 17. Rxa4 f6 18. Nd3 Nd6 19. c5 Nc4 20. Ke2 Kd7 21.
Rha1 Ra6 22. Bc1 Kc6 23. Nxb4+ axb4 24. Rxa6+ Nxa6 25. Rxa6+ Kb5 26. Ra7 Rd8
27. Bd2 Rb8 28. Kd3 e5 29. Bxb4 Kxb4 30. Rxg7 exd4 31. exd4 Nb2+ 32. Ke4 Kc4
33. Rd7 Re8+ 34. Kf5 Re2 35. f4 Rxg2 36. c6 Na4 37. c7 Nb6 38. Rd8 Rxh2 39. d5
Rh5+ 40. Kxf6 Rxd5 41. c8=Q+ Nxc8 42. Rxc8+ Kd4 43. f5 Ke4 44. Rc4+ Kf3 45. Ke6
Ra5 46. Rh4 Ra6+ 47. Ke7 Kg3 48. Rh1 1/2-1/2